[Event "Linares Anibal op 08th"]
[Site "Linares"]
[Date "2001.01.11"]
[Round "4"]
[White "Potkin, Vladimir"]
[Black "Turov, Maxim"]
[Result "1-0"]
[WhiteElo "2470"]
[BlackElo "2546"]
[Annotator "Finkel,A"]
[PlyCount "107"]
[EventDate "2001.01.08"]
[EventType "swiss"]
[EventRounds "11"]
[EventCountry "ESP"]
[SourceTitle "CBM 081"]
[Source "ChessBase"]
[SourceDate "2001.03.20"]
[SourceVersion "1"]
[SourceVersionDate "2001.03.20"]
[SourceQuality "1"]

{[%mdl 4128]} 1. e4 d6 2. d4 Nf6 3. Nc3 g6 4. Nf3 Bg7 5. Be2 O-O 6. O-O a6 {
Nowdays it's hard to surprise somebody in the opening and also this slightly
awkward move caught it's place in the theoretical books.} (6... Nc6) (6... c6)
7. Re1 (7. a4 b6 8. Re1 Bb7 9. e5 $5 Nd5 10. Nxd5 Bxd5 11. c4 Bxf3 12. Bxf3 Ra7
13. e6 f5 14. a5 bxa5 15. d5 Rb7 16. Qc2 c5 17. dxc6 Rc7 18. Qa4 Qc8 19. c5 $1
$36 {Kengis,E-Ibragimov,I/Reykjavik op/1994/}) (7. Bg5 b5 8. e5 b4 $5 9. exf6
exf6 10. Bd2 bxc3 11. Bxc3 f5 12. Re1 Nd7 13. Ba5 Rb8 14. b3 g5 15. h3 g4 16.
hxg4 fxg4 17. Nh2 h5 18. Nf1 Nf6 19. Bd3 Nd5 20. Qd2 Qf6 21. Ng3 Nf4 22. Ne4
Qh6 $13 {1/2:1/2,Bosch,J-Van der Werf,M/NLD-ch/1994/}) (7. Bf4 b5 8. e5 Nfd7 9.
Re1 Nc6 10. Bf1 dxe5 11. dxe5 Nc5 12. Qc1 Bf5 13. Nh4 e6 14. Nxf5 exf5 15. Qe3
Ne6 16. Rad1 Ncd4 17. Bh6 c5 18. Bxg7 Kxg7 19. Ne2 Qa5 20. Nxd4 cxd4 21. Qb3
Rfd8 $17 {Cifuentes,R-Van Laatum,G/Ostende op/1991/}) (7. a4 $5) 7... e6 (7...
b5 8. e5 $1 Nfd7 (8... Ne8 9. a4 b4 10. Nd5 Nc6 11. Bf4 Bb7 12. c4 $6 bxc3 13.
Nxc3 Nb4 14. Rc1 $14 {Westerinen,H-Gausel,E/VISA GP 1998}) 9. a4 $1 (9. e6 fxe6
10. Ng5 Nf6 11. Bf3) 9... bxa4 10. e6 fxe6 11. Ng5 Nf6 12. Bf3 $14 {Ciric,
D-Clausen,S/Kobenhavn op/1989}) (7... b6 8. e5 Ne8 9. Bg5 Bb7 10. Qd2 f6 11.
Bh6 d5 $6 12. h4 Nd7 13. Bd3 c5 14. exf6 exf6 15. h5 c4 16. Bxg7 Kxg7 17. Bf1
Nd6 18. Qf4 Nf7 19. g3 g5 20. Qd2 $14 {Berzinsh,R-Kozakov,M/Hlohovec op/1994/})
(7... Nc6 8. d5 Ne5 9. Nxe5 dxe5 10. Bf3 e6 11. Na4 exd5 12. exd5 Re8 13. c4 e4
14. Be2 Qd6 15. Be3 h5 16. h3 b5 17. Nc3 bxc4 18. Bxc4 Rb8 19. Qc2 Bf5 20. Qe2
$14 {Gavrikov,V-Hoi,C/Budapest Noviki-A/1989/}) 8. Bf4 (8. h3 b5 9. e5 dxe5 10.
Nxe5 Bb7 11. Bf3 Qc8 12. Bg5 Nfd7 13. Ne4 h6 14. Bf4 Nxe5 15. Bxe5 Nd7 16. Bxg7
Kxg7 17. c3 Rb8 {1/2-1/2 Kuczynski,R-Urban,K/POL-ch 1995}) (8. Bg5 h6 9. Bf4 b5
10. e5 b4 (10... dxe5 11. Nxe5 $14) 11. Nb1 Nd5 12. Bd2 Nd7 13. c4 bxc3 14.
Nxc3 Nxc3 15. bxc3 $11 {Miles,A-Ermenkov,E/Aegina op 1993}) (8. Bf1 b5 9. Bg5
h6 10. Bh4 g5 11. Bg3 Nh5 12. a4 Nxg3 13. hxg3 b4 14. Na2 c5 15. c3 $14 {
Kunz,W-Schmidt,O/OL9596}) (8. e5 dxe5 9. Nxe5 Nfd7 $1 10. Nf3 c5 11. Be3 cxd4
12. Nxd4 Qc7 13. Qd2 $11 {Zvjaginsev,V-Bezold,M/Altensteig 1994}) (8. a4 b6 {
/\Bb7<=>}) 8... b5 9. e5 $5 dxe5 10. Nxe5 Bb7 11. Bg5 Qc8 12. Bf3 Nfd7 $1 13.
Bxb7 (13. Ng4 $5 c5 $6 (13... h5 14. Ne3 Nf6 (14... c5 15. d5 e5 16. d6 Nc6 17.
Ned5 $14) 15. Qe2 Nbd7 16. Rad1 c5 17. d5 Ne5 $132) 14. d5 exd5 15. Nxd5 Nc6
16. Ngf6+ Nxf6 17. Nxf6+ Kh8 18. Nd7 $16 {[%csl Gd8][%cal Gd7f8,Gd7c5,Gg5d8]})
13... Qxb7 14. Ne4 f5 {Black is not afraid to weaken the position because the
lightsquared bishops are not on the board.} (14... Nxe5 $2 15. dxe5 Bxe5 16.
Nc5 $18) 15. Nc5 $5 {The only chanse to fight for the advantage.} (15. Nxd7
Nxd7 16. Ng3 e5 17. dxe5 Nxe5 18. Bf4 Rfe8 $11) 15... Nxc5 16. dxc5 Re8 17. Bf4
a5 (17... Nc6 18. Qf3 Nd8 19. c6 Qb6 20. Rad1 Bxe5 21. Bxe5 Nxc6 (21... Qxc6
22. Rxd8 $1 $18 {[%csl Rc6]}) 22. Bf6 $44) 18. Qd3 Nc6 19. Qf3 Bxe5 (19... Nd8)
20. Bxe5 Rab8 21. Bc3 Nb4 (21... b4 22. Bf6 Qb5 23. Rad1 Qxc5 24. Rd7 $16 {
[%csl Rg8][%cal Gd7c7,Gd7h7]}) 22. Qe2 Nd5 23. Bxa5 (23. Be5 $5 $36) 23... b4
24. a3 bxa3 25. bxa3 Qb5 26. Bd2 (26. c4 $2 Qxa5 27. cxd5 exd5 28. Qxe8+ Rxe8
29. Rxe8+ Kf7 $15) 26... Qxc5 27. c4 Rb2 $5 {The arising engame is very close
to a draw, but white has some chanses due to slightly exposed position of
black king.} (27... Nb6 $5 $13) 28. cxd5 Qxd5 29. Rad1 Rd8 30. Qe3 Rxd2 31.
Rxd2 Qxd2 32. Qxe6+ Kg7 33. Qe7+ Kg8 34. Qe6+ Kg7 35. Qe7+ Kg8 36. h4 $36 {
[%csl Rg8]} Qd6 37. Qe3 c5 (37... Qd4 38. Qe6+ Kh8 39. Qf7 Qxh4 40. Qxc7 Qf6
41. g3 $14) 38. Rc1 Qd4 (38... Rc8 39. Qb3+ Kg7 40. Qc4 Rc7 $11) 39. Qe6+ Kh8
$6 (39... Kf8) 40. Rxc5 Qxh4 41. Rc1 Kg7 $6 (41... Qd4) 42. a4 Qe4 (42... Qf4
43. Qe7+ Kh6 44. Re1 Qg5 (44... Ra8 $2 45. Re3 $18) 45. Qc7 $14) 43. Qb6 Rd5 $6
44. a5 (44. Qc7+ Kh6 45. Qh2+ Kg5 46. Qxh7 Qxa4 $11) 44... f4 $6 (44... Qd4 45.
Qxd4+ Rxd4 46. Ra1 Rd7 47. a6 Ra7 48. Kf1 Kf6 49. Ke2 Ke5 50. Kd3 $16 Kd5 (
50... h5 51. Kc4 g5 52. Kb5 h4 53. Kb6 Ra8 54. a7 g4 55. Kb7 Rh8 56. a8=Q Rxa8
57. Rxa8 $18) 51. Ra5+ Kc6 52. Kd4 Kb6 53. Ra2 Rxa6 54. Rxa6+ Kxa6 55. Ke5 Kb5
56. Kf6 Kc4 57. Kg7 Kd3 58. Kxh7 Ke2 59. f4 Ke3 60. g3 Kf3 61. Kxg6 Kxg3 62.
Kxf5 $18) 45. Qb7+ (45. a6 $5) 45... Kh6 46. a6 f3 47. g3 Qf5 48. Qe7 $1 Ra5 $2
(48... Rd7 $8 49. Qh4+ Qh5 50. Qe4 Qg5 51. Rb1 $16) 49. Qh4+ Qh5 (49... Kg7 50.
Rc7+ Kf8 51. Qd8#) 50. Qf4+ Qg5 51. Qf8+ Kh5 52. Qxf3+ Qg4 53. Qh1+ Kg5 54.
Qxh7 $18 1-0

[Event "ROM-ch"]
[Site "Iasi"]
[Date "1999.12.13"]
[Round "1"]
[White "Vajda, Levente"]
[Black "Parligras, Mircea Emilian"]
[Result "1-0"]
[WhiteElo "2483"]
[BlackElo "2377"]
[Annotator "Finkel,A"]
[PlyCount "83"]
[EventDate "1999.12.13"]
[EventType "tourn"]
[EventRounds "15"]
[EventCountry "ROU"]
[EventCategory "9"]
[SourceTitle "CBM 075"]
[Source "ChessBase"]
[SourceDate "2000.04.05"]
[SourceVersion "1"]
[SourceVersionDate "2000.04.05"]
[SourceQuality "1"]

1. e4 d6 2. d4 Nf6 3. Nc3 g6 4. Nf3 Bg7 5. Be2 O-O 6. O-O Bg4 7. Be3 Nc6 8. d5
Nb8 $5 {Deviating the main lines of this variation arising after 8...B:f3 9.B:
f3 Ne5 10.Be2 c6 11.f4.} 9. Qd2 (9. a4 $5 c6 (9... a5 10. Nd2 Bxe2 11. Qxe2 c6
12. Nc4 Nfd7 13. Rad1 Ne5 14. Nxe5 Bxe5 15. Bd4 Bxd4 16. Rxd4 Nd7 17. Rd3 Qb6
$10 {Sutovskij,E-Chernin,A/Rishon le Zion/1994}) (9... Bxf3 10. Bxf3 a5) 10. a5
a6 11. Nd2 Bxe2 12. Qxe2 Nbd7 13. Nc4 $6 Nxe4 $1 14. Nxe4 cxd5 15. Nb6 dxe4 16.
Nxa8 Qxa8 17. Bg5 Bxb2 18. Rab1 Bf6 19. Qxe4 b5 $1 $17 {Braga,C-Martin del
Ocampo,R/Manila olm/1992/}) (9. Re1) 9... c6 10. a4 {Typical idea for this
kind of positions:white wants to catch space on the queenside with a5 and also
to prevent black from playing b5.} (10. Rfe1 Re8 $146 (10... Qc7 11. Rad1 Nbd7
12. Bh6 (12. Nd4 $5 Bxe2 13. Qxe2) 12... Bxf3 13. Bxf3 Bxh6 14. Qxh6 a6 $132 {
Rytshagov,M-Chernin,A/Erevan olm 1996}) 11. Rad1 Nbd7 12. dxc6 bxc6 13. Nd4
Bxe2 14. Qxe2 Qc7 15. Qa6 Rec8 16. f3 Qb6 $11 {Solak,D-Marin,M/Ciocaltea mem
1997}) (10. Rad1 Qa5 11. a3 Rc8 (11... Nfd7 $5 $13) 12. b4 Qc7 13. Bd4 Nbd7 14.
Rfe1 a5 $13 {Blatny,P-Chernin,A/Pardubice 1993} (14... Bxf3 15. Bxf3 Ne8 16.
Bxg7 Kxg7 17. Bg4 Nef6 $10)) 10... a5 $5 11. Rad1 Qc7 12. Rfe1 Na6 13. Bd4 Bxf3
14. Bxf3 Nd7 15. Bxg7 Kxg7 16. Ne2 $5 {So far both sides made the most natural
and logical moves,but now white opts for very interesting continuation leading
to complicated struggle.} (16. Qd4+ Kg8 17. Be2 Nb4 18. Qd2 Qb6 $132) 16... Ne5
17. Nd4 c5 $6 ({Better was} 17... Nxf3+ 18. Nxf3 Nc5 19. b3 Rac8 (19... Nd7 20.
Qc3+ Kg8 21. e5 dxe5 22. dxc6 bxc6 23. Nxe5 Nxe5 24. Qxe5 $14) 20. Nd4 e5 21.
dxe6 fxe6 $13 {with good chanses for black.}) 18. Nb5 Nxf3+ 19. gxf3 Qd7 20. e5
$1 $36 {[%csl Ra6] After this strong move black faces serious problems,which
he didn't succeded to overcome in the game.} Nc7 (20... dxe5 $2 21. Rxe5 Nc7
22. Nxc7 Qxc7 23. Rde1 {[%csl Re7]} Rfe8 24. d6 $18) 21. exd6 exd6 22. Qc3+ (
22. Nxc7 $6 Qxc7 23. Qc3+ Kg8 24. Qf6 Rfe8 $11) 22... Kg8 23. Qf6 $1 Nxb5 24.
Re7 $1 Qh3 $6 {Better chanses to survive would leave} (24... Qf5 25. Qxf5 gxf5
26. axb5 Rfe8 $1 (26... b6 27. Rde1 a4 28. Rb7 Rfb8 29. Ree7 Rxb7 30. Rxb7 a3
31. bxa3 Rxa3 32. Rxb6 $18) 27. Rxb7 Re2 28. Rc1 Rd2 29. Rd7 Rxd5 30. c4 Rd3
$16 {,but even in this case black's defensive task is extremly difficult.}) 25.
axb5 Rae8 26. Rde1 Rxe7 27. Rxe7 $16 {Despite of material balance black has
hopeless position.He simply can't move and has to wait for the moment when
white decides to break.} Qh5 28. c4 b6 (28... g5 29. Rxb7 Re8 30. h3 $1 $18 {
[%cal Gg1g2]}) 29. Kg2 Qh6 30. f4 Qg7 31. Qxg7+ Kxg7 32. f3 $5 $18 {Intending
to deprive black the counterplay over the e-file by Kf2.} Ra8 (32... Rb8 33.
Rd7 Kf8 34. Rxd6 Ke7 35. Rc6 Kd7 36. f5 $18) 33. Rb7 a4 34. Rxb6 a3 35. bxa3
Rxa3 36. Rxd6 Rc3 37. b6 Rxc4 38. b7 Rb4 39. Rd7 Rb2+ (39... Kf6 40. Rc7 c4 41.
Kf2 (41. d6 $2 c3 42. d7 Ke7 43. d8=Q+ $2 Kxd8 44. Rc8+ Kd7 45. b8=Q Rxb8 46.
Rxb8 c2 $19) 41... c3 42. Ke2 c2 43. Kd2 $18) 40. Kf1 Kf6 41. Rc7 h5 (41... c4
42. Ke1 c3 43. Kd1 $18) 42. d6 1-0

[Event "New York Mayor's Cup"]
[Site "New York"]
[Date "2001.06.24"]
[Round "7"]
[White "Shahade, Gregory P"]
[Black "Gruenfeld, Yehuda"]
[Result "1-0"]
[WhiteElo "2458"]
[BlackElo "2520"]
[Annotator "Finkel,A"]
[PlyCount "185"]
[EventDate "2001.06.18"]
[EventType "tourn"]
[EventRounds "9"]
[EventCountry "USA"]
[EventCategory "10"]
[SourceTitle "CBM 084"]
[Source "ChessBase"]
[SourceDate "2001.09.13"]
[SourceVersion "1"]
[SourceVersionDate "2001.09.13"]
[SourceQuality "1"]

1. e4 d6 2. d4 Nf6 3. Nc3 g6 4. Nf3 Bg7 5. Be2 O-O 6. O-O c6 7. a4 Qc7 8. Bf4
Nbd7 9. e5 Nh5 (9... dxe5 10. Nxe5 Nxe5 11. Bxe5 Qa5 12. Bc4 {1/2-1/2 Novikov,
I-Markowski,A/Vienna 1995/EXT 98 (12)} (12. Bf3 Rd8 13. Qe2 Be6 14. Rfb1 Rd7
15. b4 Qd8 16. a5 Nd5 17. Na4 Bxe5 18. Qxe5 $14 {Rozentalis,E-Beim,V/Biel 1990/
EXT 2000})) 10. Bg5 (10. exd6 exd6 11. Be3 d5 12. Qd2 Re8 13. Rfe1 (13. Ne1
Nhf6 14. f3 Nf8 15. Nd3 Ne6 16. f4 {1/2-1/2 Tompa,J-Hazai,L/Budapest 1977/MCD 
(16)}) 13... Nf8 14. Ng5 Nf6 15. Bf4 Qa5 16. h3 Ne6 17. Nxe6 Bxe6 $11 {Vogt,
L-Hoerstmann,M/Porz 2000/EXT 2001}) 10... dxe5 11. Bxe7 Re8 12. d5 Bf8 $6 {
After this careless move white gets huge advantage.} (12... e4 13. Ng5 cxd5 14.
Nxd5 Qe5 15. Bxh5 Nb6 $1 $13 {Mueller,M-Hickl,J/Germany 1992/GER-chT}) (12...
Rxe7 13. d6 Qd8 14. dxe7 Qxe7 15. Ne4 Nf4 16. Re1 Nxe2+ 17. Rxe2 f5 18. Qd6 $14
{Rozentalis,E-Beliavsky,A/Minsk 1983/MCD}) 13. d6 Qa5 14. Bxf8 Rxf8 15. Bc4 {
White pawn on d6 is very strong and in addition to it it's not so easy for
black to come up with idea of getting any counterplay!} Nhf6 16. Re1 $6 {
Inaccuracy permitting black to put up serious resistance. After} (16. Qd2 $1
Qb4 17. Ba2 Kg7 (17... Qxb2 $2 18. Rfb1 Qa3 19. Bxf7+ $18 {[%csl Ra3]}) 18.
Rfe1 $16 {black is troubles.}) 16... h6 $5 {Tempoarily sacrificing a pawn to
complete development of the pieces.} 17. Rb1 {[%cal Gb2b4]} Qb4 18. Qd3 {
[%cal Gd3g6]} Kg7 19. Nxe5 Nxe5 20. Rxe5 Bf5 21. Qd4 Rad8 22. Rd1 Qxb2 $6 (
22... Bxc2 $5 23. Rd2 Qxb2 (23... Bf5) 24. h3 (24. Rde2 $6 Qa1+ 25. Re1 Qa3 {
[%csl Rd6]}) 24... Rfe8 25. Kh2 $44) 23. Bb3 $1 b6 (23... Bxc2 $2 24. Bxc2 Qxc2
25. Ne4 $1 c5 26. Qa1 $1 $18 {[%cal Ga1g7]} Nxe4 27. Rxc5+ Nc3 28. Rxc3 $18 {
[%csl Rc2]}) 24. Rb1 $6 (24. h3 $16) 24... Qa3 25. Rd1 c5 (25... Rd7 $6 26. Nb1
$1 {[%csl Ra3]} c5 27. Nxa3 cxd4 28. Rxd4 $16) 26. Qd2 Qb4 27. Re7 $1 a6 28. h3
b5 (28... Ne8 29. Qe3 Nxd6 30. Qe5+ Kg8 31. Nd5 $18) 29. axb5 axb5 30. Rb7 $5 {
[%csl Rb5]} Bd7 31. Nxb5 Qe4 32. Rb6 c4 33. Nc3 $1 Qh4 (33... Qe6 34. Re1 Qf5
35. Ba2 $16) 34. Rb4 Be6 35. Qe2 Rb8 36. Rxb8 Rxb8 37. Ba4 Rd8 38. Bc6 $6 (38.
Qe5 $1) 38... Qf4 39. Qd2 Qxd2 40. Rxd2 Rc8 41. Bb5 Bd7 42. Rd4 Bf5 43. Rd2 Bd7
44. Bxd7 Nxd7 45. Re2 Rc6 46. Nb5 Rb6 47. Nc7 $1 Rb1+ (47... Rxd6 $4 48. Ne8+
$18) 48. Kh2 Rd1 49. Re7 $5 Rxd6 $2 {Entering into endgame with no real
chanses of survival.} (49... Nc5 $8) 50. Ne8+ Kf8 51. Nxd6 Kxe7 52. Nxc4 $18 {
This ending is quiet easily winning for white, although it takes some time to
do it.} Ke6 53. Ne3 $5 {[%csl Gd5]} f5 54. Kg1 f4 55. Nd1 Ne5 56. Kf1 g5 57.
Nb2 (57. Ke2 Kd5 58. Nb2 Kd4) 57... Kf5 (57... Kd5 $5) 58. Nd3 Nc4 59. Ke2 h5
60. Ne1 {[%cal Ge2d3]} Nb2 61. Kd2 g4 62. hxg4+ hxg4 63. Nd3 Na4 64. c4 {
White reminds that he has a passed pawn.} Nb6 65. Kc3 Ke6 66. Nc5+ (66. Kd4 $1)
66... Kf5 67. f3 gxf3 68. gxf3 Nc8 69. Kb3 Ke5 70. Nd3+ Kd6 (70... Kf5 71. c5
Ne7 72. Kc4 Nc6 73. Kd5 $18) 71. Nxf4 Ne7 72. Nd3 Nf5 73. Kb4 Nd4 74. f4 Kc6
75. Kc3 Nf5 76. Kd2 Kd6 77. Ke2 Ke6 78. Kf3 Nd6 79. c5 Nb5 80. Ke4 Nc3+ 81. Kd4
Nb5+ 82. Kc4 Nc7 83. Nb4 Ne8 84. Nd5 Ng7 85. Ne3 Nh5 86. f5+ Kd7 87. Kb5 Nf6
88. Kb6 Ne8 89. Nd5 Ng7 90. c6+ Kd6 91. c7 Nxf5 92. c8=Q Nd4 93. Qc5+ 1-0

[Event "RUS-ch"]
[Site "Krasnodar"]
[Date "2002.09.04"]
[Round "9"]
[White "Potkin, Vladimir"]
[Black "Kornev, Alexei"]
[Result "0-1"]
[WhiteElo "2485"]
[BlackElo "2567"]
[Annotator "Finkel,A"]
[PlyCount "74"]
[EventDate "2002.08.27"]
[EventType "swiss"]
[EventRounds "9"]
[EventCountry "RUS"]
[SourceTitle "CBM 091"]
[Source "ChessBase"]
[SourceDate "2002.11.12"]
[SourceVersion "1"]
[SourceVersionDate "2002.11.12"]
[SourceQuality "1"]

1. e4 g6 2. d4 Bg7 3. Nf3 c6 4. Nc3 d6 5. Be2 Nf6 6. O-O O-O 7. a4 a5 8. Be3
Qc7 (8... Bg4 9. Nd2 Bxe2 10. Qxe2 d5 11. exd5 cxd5 12. Nb5 Nc6 13. c3 Qd7 $11
{Adamski,J-Uhlmann,W/Polanica Zdroj 1975}) (8... Ng4 9. Bg5 f6 10. Bd2 Nh6 11.
Qc1 Nf7 12. Be3 e6 13. d5 cxd5 14. exd5 e5 15. Nd2 Nd7 16. Nc4 $14 {Szabo,
L-Huebner,R/Amsterdam 1975}) 9. Nd2 $1 {Very strong move promising white
stable opening advantage.} Nbd7 (9... d5 10. exd5 Nxd5 11. Nxd5 cxd5 12. Nb1
Nc6 13. Nc3 Nb4 14. Rc1 Bf5 15. Nb5 Qd7 16. c3 Nc6 17. Re1 Rac8 $11 {Vogt,
L-Lau,R/Thessaloniki 1988}) (9... Na6 10. f4 Nb4 11. Bf3 (11. Rf2 Rd8 12. Rc1
e5 13. dxe5 dxe5 14. Qf1 exf4 15. Bxf4 Qe7 16. Bg5 Qc5 $13 {Baljon,C-Donner,J/
Leeuwarden 1974}) 11... b6 12. Rf2 Rb8 13. Nb3 Ba6 14. Rd2 Rfd8 15. d5 cxd5 16.
exd5 Bc4 $132 {Baljon,C-Hartoch,R/Wijk aan Zee 1974}) (9... e5 10. dxe5 dxe5
11. Nc4 Nbd7 12. Qd6 Qxd6 13. Nxd6 Ne8 14. Nxc8 Rxc8 15. Rfd1 $14 {Dworakowski,
L-Tsedev,I/Bratislava 1993}) 10. f4 e6 (10... e5 11. dxe5 dxe5 12. f5 Rd8 13.
Qe1 gxf5 14. exf5 Nd5 15. Nxd5 cxd5 16. Qg3 f6 17. c4 $16 {Tringov,G-Peev,P/
Plovdiv 1973}) 11. Bd3 (11. e5 Nd5 12. Nxd5 exd5 13. Bd3 dxe5 14. fxe5 f6 15.
exf6 Nxf6 $11) 11... b6 {Black has nothing much to do, but to wait.} 12. Qe2
Bb7 13. e5 Ne8 (13... Nd5 14. Nce4 Nxe3 15. Qxe3 d5 16. Nf2 $14) 14. Nce4 c5
15. c3 $14 {Strengthening the center.} Rc8 (15... f6 $5 16. exd6 Nxd6 17. Rae1
Rae8 18. Nxd6 Qxd6 19. Ne4 $14) 16. Qf2 h6 17. h4 Rd8 (17... f5 $5 18. exd6 (
18. Ng3 Qd8 19. h5 g5 $13) 18... Nxd6 19. Nxd6 Qxd6 $132) 18. Bb5 dxe5 19. fxe5
f5 20. Ng3 $6 Nxe5 $1 {Turning point of the game. With this sacrifice black
manages to develop very strong initiative.} 21. dxe5 Bxe5 22. Ne2 Nf6 23. Nf4 {
Didn't work} (23. Bf4 $2 Ng4 $1 24. Qe1 {[%csl Rd2]} g5 $1 25. hxg5 hxg5 26.
Bxg5 Bd4+ $1 $19 {[%cal Gc7h2]}) 23... Ng4 24. Qe2 Rf6 $8 {[%csl Ge6,Gg6]} 25.
Bc4 (25. Nc4 g5 26. Nh5 (26. Nxe5 Qxe5 27. Bc1 gxf4 28. Bxf4 Qxe2 29. Bxe2 Rg6
$17) 26... Rg6 27. Kh1 gxh4 $40 {[%csl Rg2][%cal Gg4e3]}) 25... Re8 26. Kh1 Kh7
27. Rae1 (27. Nf3 $2 Nxe3 28. Nxe5 Qxe5 $19) 27... Qe7 28. Nf3 Bd6 {[%cal
Ge6e4]} 29. Kg1 $6 {White can't afford to himself to waste time in such a
position.} (29. Bc1 $5 e5 30. Nd5 Bxd5 31. Bxd5 e4 $36) 29... e5 30. Nd5 Bxd5
31. Bxd5 e4 32. Bc1 Bg3 $17 33. Rd1 $6 (33. c4 $1 Bxe1 34. Nxe1) 33... Rd6 34.
Bb3 Kh8 $1 $19 (34... exf3 35. Qxe7+ Rxe7 36. Rxd6 Bxd6 37. gxf3 Nf6 $17) 35.
Ng5 (35. Bc4 exf3 36. Qxe7 f2+ 37. Kh1 Rxe7 {[%csl Gf2]}) 35... hxg5 36. Bxg5
Qe5 37. Rxd6 Bf2+ 0-1

[Event "Dubai op"]
[Site "Dubai"]
[Date "2001.04.18"]
[Round "4"]
[White "Annageldyev, Orazly"]
[Black "Sale, Srdjan"]
[Result "0-1"]
[WhiteElo "2503"]
[BlackElo "2378"]
[Annotator "Finkel,A"]
[PlyCount "86"]
[EventDate "2001.04.15"]
[EventType "swiss"]
[EventRounds "9"]
[EventCountry "UAE"]
[SourceTitle "CBM 083"]
[Source "ChessBase"]
[SourceDate "2001.07.05"]
[SourceVersion "1"]
[SourceVersionDate "2001.07.05"]
[SourceQuality "1"]

1. e4 d6 2. d4 Nf6 3. Nc3 g6 4. Nf3 Bg7 5. Be2 O-O 6. O-O Bg4 7. Be3 Nc6 8. d5
Bxf3 9. Bxf3 Ne5 10. Be2 c6 11. f4 Ned7 12. a4 (12. dxc6 bxc6 13. Qd3 Qb8 (
13... Rb8 14. Rab1 Qa5 15. a3 Rb7 16. Bf3 Qc7 17. Rfd1 Rfb8 18. b3 $14 {
Al Modiahki,M-Othman,A/Asian Teams 1998}) (13... Nb6 14. Rad1 d5 15. Bd4 e6 16.
b3 Qe7 17. exd5 exd5 18. Bf3 Rfe8 19. f5 $14 {Blatny,P-Watson,W/BL9495 1995})
14. Rab1 a5 15. Rfd1 Rc8 16. a4 Ne8 17. e5 Nb6 18. exd6 Nxd6 $132 {Blatny,
P-Ardaman,M/World Open Major 1999}) 12... cxd5 (12... Qa5 13. Ra3 (13. Bf3 cxd5
14. exd5 Rac8 15. Bd4 a6 16. Qd2 Rc4 17. Be3 Rfc8 $13 {Gizynski,T-Kaldus,A/
POL-chT 1994}) 13... cxd5 (13... Rfc8 14. Bf3 cxd5 15. exd5 Nb6 16. Rb3 Nc4 17.
Bd4 Qc7 18. Re1 $14 {De Meyer,G-Uhoda,P/Belgian Interteam 1999}) 14. Nxd5 Nxd5
15. Qxd5 Qxd5 16. exd5 Bxb2 17. Rb3 Bf6 18. Rxb7 Nb6 $11 {Boensch,
U-Mowsziszian,K/Bad Woerishofen op 1996}) 13. exd5 Qa5 14. Qd3 $6 (14. Bf3 Rfc8
15. Ra3 Nb6 16. Rb3 Nc4 17. Bd4 $14) 14... a6 (14... Rfc8 $5) 15. g4 $6 {
White needs to take some profilactic mesuars first and only then to start an
active actions on the kingside.} Rfc8 16. g5 $6 {Inviting black to take on c3.}
(16. Rfd1 $5) 16... Rxc3 $1 {[%csl Rd5] This typical sacrifice promises black
very good chanses in the forthcoming struggle.} 17. bxc3 ({Even worse is} 17.
Qxc3 Qxc3 18. bxc3 Nxd5 19. Bd4 Nxc3 20. Bxg7 Nxe2+ 21. Kf2 Nxf4 $17) 17...
Nxd5 18. Bd2 {[%cal Gg7a1]} Bxc3 $6 (18... Nxc3 $1 19. Bf3 d5 20. f5 (20. Rae1
e6 21. Re3 Rc8 $17) 20... Ne5 21. Qxc3 Nxf3+ 22. Qxf3 Qxd2 $17) 19. Bxc3 Nxc3
20. Bf3 Rc8 21. Kh1 (21. Qe3 Qc5 22. Rfe1 Rc7 23. a5 $132) 21... Rc7 22. Qd2 d5
23. h4 Qc5 24. h5 gxh5 $1 25. Rae1 Nf8 26. f5 (26. Qh2 Nxa4 27. Qxh5 Nc3 28. f5
Qd4 $17) 26... Qd6 27. a5 Rc4 $5 {[%cal Gc4h4,Gc4a4]} 28. Qh2 Qb4 29. Qe5 Rh4+
30. Kg2 Ne4 31. f6 $6 (31. Re2 $1 Nxg5 $6 32. Qg3 h6 33. Rxe7 Rh3 34. Qe5 Nxf3
35. Rxf3 Qg4+ 36. Rg3 $14) 31... e6 32. Bxe4 dxe4 33. Re2 Rg4+ 34. Kf2 Nd7 35.
c3 (35. Qc7 $5) 35... e3+ 36. Kxe3 Qa4 37. Rd2 h6 $1 $19 {[%csl Re5]} 38. g6 (
38. Rxd7 Qxd7 39. gxh6 h4 40. h7+ Kh8 41. Rf3 Qd1 $19) 38... Rxg6 39. Qd6 Nxf6
{[%cal Ga4e4,Gf6d5]} 40. Rxf6 Rxf6 41. Qd8+ Kg7 42. Rg2+ Rg6 43. Rxg6+ Kxg6 0-1